000 00616nam a2200229Ia 4500
003 OSt
005 20220926013819.0
006 a|||||r|||| 00| 0
007 ta
008 220923b |||||||| |||| 00| 0 eng d
037 _cGeneral Book
040 _aRTL
_cRTL
_beng
041 _2eng
_aeng
082 _aX:8J, M6
100 _aAtkisson Robert M
_9319066
245 0 _aModern internal auditing
260 _aNew York
_bJohn Wiley U S A
_c1986
300 _ax, 561p. Appendix p457-543
_ccm.
650 _aAudit
942 _hX:8J, M6
_cGB
_2CC
999 _c626919
_d626919